Представление документа в формате MARC21

Поле Инд. ПП Название Значение
Тип записи a
Библиографический уровень m
001 Контрольный номер RU/IS/BASE/238681206
005 Дата корректировки 20260513082602.0
008 Кодируемые данные 20070725
040 b Код языка каталог. rus
e Правила каталог. PSBO
041 0_ a Код языка текста rus
084 a Индекс другой классификации/Индекс ББК 85.113(6Еги-2Каир)я61; 85.103(6Еги-4Каир)я61
090 a Полочн. индекс 85.113(6Еги-2Каир)я61
x Авторский знак К 155
245 10 a Заглавие Каир: тысячелетие города 969-1969 гг
c Ответственность Министерство культуры ОАР; составители А. М. Абу Бакра, С. Махер, Б. эд-Д. Абу Гази, А. Р. Салех
260 a Место издания Лейпциг
b Издательство Арабский писатель
300 a Объем 459 с.
b Иллюстрации/ тип воспроизводства ил.; фот.
336 a Термин вида содержания Текст
337 a Термин типа средства непосредственный
504 a Библиография Прил.: с. 449-459
650 04 a Основная рубрика архитектура
a Основная рубрика изобразительное искусство
a Основная рубрика искусство
a Основная рубрика история архитектуры
653 0_ a Ключевые слова Африка
a Ключевые слова вокальное искусство
a Ключевые слова гончарные изделия
a Ключевые слова города-музеи
a Ключевые слова Египет
a Ключевые слова живопись
a Ключевые слова ислам (мусульманство)
a Ключевые слова исламская архитектура
a Ключевые слова исламское искусство
a Ключевые слова история города
a Ключевые слова история декоративно-прикладного искусства
a Ключевые слова история живописи
a Ключевые слова история музыки
a Ключевые слова история скульптуры
a Ключевые слова Каир
a Ключевые слова кинематограф
a Ключевые слова коптская культура
a Ключевые слова культура
a Ключевые слова мавзолеи
a Ключевые слова мечети
a Ключевые слова музеи
a Ключевые слова музыка
a Ключевые слова музыкальное искусство
a Ключевые слова религия
a Ключевые слова рисунки
a Ключевые слова скульптура
a Ключевые слова скульптуры
a Ключевые слова театры
a Ключевые слова фараоны
a Ключевые слова церкви
a Ключевые слова эпохи
655 a Жанр/ форма (устаревшее) альбом
700 12 a Автор Абу Бакра А. М.
e Роль лиц составитель
q Полное имя Абу Бакра Абдель Монейм
700 1_ a Автор Махер С.
e Роль лиц составитель
q Полное имя Махер Суад
700 1_ a Автор Абу Гази Б. эд-Д.
e Роль лиц составитель
q Полное имя Абу Гази Бадр эд-Дин
700 1_ a Автор Салех А. Р.
e Роль лиц составитель
q Полное имя Салех Ахмеда Рудши
700 1_ a Автор Юсеф М.
e Роль лиц фотограф
q Полное имя Юсеф Мухаммед
700 1_ a Автор Зульфикар Ш.
e Роль лиц фотограф
q Полное имя Зульфикар Шериф
700 1_ a Автор Рашид К.
e Роль лиц фотограф
q Полное имя Рашид Камаль
700 1_ a Автор Бесим О.
e Роль лиц фотограф
q Полное имя Бесим Омар
700 1_ a Автор Ясса Н.
e Роль лиц фотограф
q Полное имя Ясса Наги
700 1_ a Автор Муса А.
e Роль лиц фотограф
q Полное имя Муса Ахмад
700 1_ a Автор Ид А. Ф.
e Роль лиц фотограф
q Полное имя Ид Абдель Фаттах
700 1_ a Автор Лятиф Х. А.
e Роль лиц фотограф
q Полное имя Лятиф Хамис Абдель
700 1_ a Автор Юсеф С.
e Роль лиц фотограф
q Полное имя Юсеф Селим
700 1_ a Автор Альбер А.
e Роль лиц фотограф
q Полное имя Альбер Антун
700 1_ a Автор Хусни Я.
e Роль лиц фотограф
q Полное имя Хусни Яхья
700 1_ a Автор Амин К.
e Роль лиц художник
q Полное имя Амин Камаль
901 t Тип документа m
952 a Тип литературы для КСУ ВШ НПИ